Presidential Legislation in India: (Record no. 89427)
[ view plain ]
| 000 -LEADER | |
|---|---|
| fixed length control field | 00469nam a22001577a 4500 |
| 005 - DATE AND TIME OF LATEST TRANSACTION | |
| control field | 20141017170828.0 |
| 010 ## - LCCN (DPL NO) | |
| LC control number | BAC-EN21 |
| 020 ## - INTERNATIONAL STANDARD BOOK NUMBER | |
| International Standard Book Number | 9781107444348 |
| 037 ## - SOURCE OF ACQUISITION | |
| Stock number | dpl |
| Source of stock number/acquisition | Cambridge University Press |
| 100 ## - MAIN ENTRY--PERSONAL NAME | |
| Personal name | Dam, Shubhankar |
| 245 ## - TITLE STATEMENT | |
| Title | Presidential Legislation in India: |
| Remainder of title | the law and practice of ordinances/ |
| Statement of responsibility, etc | by Shubhankar Dam |
| 260 ## - PUBLICATION, DISTRIBUTION, ETC. (IMPRINT) | |
| Place of publication, distribution, etc | Delhi |
| Name of publisher, distributor, etc | Cambridge University Press |
| Date of publication, distribution, etc | 2014 |
| 300 ## - PHYSICAL DESCRIPTION | |
| Extent | 259p. |
| Dimensions | 22cm(pbk) |
| 942 ## - ADDED ENTRY ELEMENTS (KOHA) | |
| Source of classification or shelving scheme | Dewey Decimal Classification |
| Item type | English Books |
No items available.
